Kenen Kirja? - Statistics

Yleistilastot
  • Tätä visaa on pelattu 169 kertaa
  • Keskiarvotulos 7 / 16
Vastaustilastot
Kirja Kirjailija % Oikein
Koiramäen Suomen historia Mauri Kunnas
90%
Työmiehen vaimo Minna Canth
82%
Häräntappoase Anna-Leena Härkönen
77%
Jumalainen näytelmä Dante Alighieri
64%
Nalle Puh A.A.Milne
57%
Vihan hedelmät John Steinbeck
46%
Tyttö joka leikki tulella Stieg Larsson
41%
Tanssi yli hautojen Mika Waltari
39%
Nuoren Wertherin kärsimykset Johann Wolfgang von Goethe
36%
Kummisetä Mario Puzo
36%
Jali ja suklaatehdas Roald Dahl
35%
Minun Afrikkani Isak Dinesen
19%
Ääni ja vimma William Faulkner
17%
Sata salattua aistia Amy Tan
9%
Ethan Frome Edith Wharton
3%
Postimies soittaa aina kahdesti James M.Cain
2%
Ehtoja vastaavia visoja ei löytynyt
Tulosjakauma
Jokaisen tuloksen saaneiden osuus
Persentiili vastausten määrän mukaan
Tuloshistoriasi
Et ole pelannut tätä visaa